000 00479nam a22001937a 4500
003 MPLRDC
005 20220104123523.0
008 210129b ||||| |||| 00| 0 eng d
020 _a962-451-073-3
082 _a225.5 ZYFS v.2
100 _a证严法师
245 _a斋后语
_c
250 _a初版一刷
260 _a
_b皇冠出版社
_c1992
300 _b
490 _a证严法师作品集. 2
650 _a佛教教化法, 教育
942 _cBK
_o225.5 ZYFS v.2
999 _c12072
_d12062